000 00233nam a2200097Ia 4500
001 689553
005 20250826161636.0
008 250824s9999 xx 000 0 und d
245 0 _aMAVİ KUŞ
_cMUSTAFA KUTLU
260 _bDERGAH YAYINLARI
999 _c689553
_d689553